Modelovanie a analýza nezamestnanosti v krajinách V4 diplomová práca

Na minha lista:
Detalhes bibliográficos
Autor principal: Meľniková, Anna
Autor Corporativo: Fakulta hospodárskej informatiky EU. Katedra operačného výskumu a ekonometrie
Outros Autores: Goga, Marián
Formato: Livro
Idioma:eslovaco
Publicado em: Bratislava 2018
Tags: Adicionar Tag
Sem tags, seja o primeiro a adicionar uma tag!

MARC

LEADER 00000nbm a2200000 4500
001 0243554
005 20180917084250.0
041 0 |a slo 
044 |a SK 
245 1 0 |a Modelovanie a analýza nezamestnanosti v krajinách V4  |b diplomová práca  |c Anna Meľniková ; školiteľ: Marián Goga 
264 1 |a Bratislava  |c 2018 
300 |a 67 s. 
100 1 |a Meľniková, Anna 
700 1 |a Goga, Marián 
710 2 |a Fakulta hospodárskej informatiky EU. Katedra operačného výskumu a ekonometrie